00436nam a2200193Ia 4500003000900000008004100009040001300050040001300063041000800076100001700084245007500101250000900176260000800185260000900193300001100202300001000213490001100223490000800234IT-RoPAU120407s9999 xx 000 0 und d aIT-RoPAU cIT-RoPAU aita aPaulo Freire aTeoria e pratica della liberazione. Testi scelti a cura dell’INODEP. aRoma aAve c1974 a172 p. c18 cm aMinima v184